| 000 | 00583nam 22001933 4500 | ||
|---|---|---|---|
| 001 | 201957 | ||
| 010 | _a972-9013-00-4 | ||
| 021 |
_aPT _b32971/89 |
||
| 090 | _a201957 | ||
| 100 | _a20260424d u||y0pory50 ba | ||
| 200 |
_aA literatura inglesa : ensaio de interpretação e de história _fJorge de Sena |
||
| 210 |
_aLisboa _cCotovia _dimp. 1989 |
||
| 215 |
_a454, [4] p. _cencadernado _d24 cm |
||
| 606 |
_93661 _aCrítica Literária.Estudos Literários |
||
| 675 |
_a82.09 _vPT _zpor |
||
| 700 |
_92262 _aSena _bJorge de _f1919-1978 |
||
| 801 |
_aPT _bBMMN _gRPC |
||
| 830 | _cVanda | ||
| 990 | _cLIVROS | ||